Entramados: jóvenes y configuración de significaciones imaginarias de deseo

Gorde:
Xehetasun bibliografikoak
Egile nagusia: Hurtado Herrera, Deibar René (Egilea)
Formatua: Liburua
Hizkuntza:gaztelania
Argitaratua: Popayán Universidad del Cauca 2011
Edizioa:1a. ed
Saila:Colección de Tesis Doctorales RUDECOLOMBIA
Gaiak:
Etiketak: Etiketa erantsi
Etiketarik gabe, Izan zaitez lehena erregistro honi etiketa jartzen!

MARC

LEADER 00000cam a2200000 a 4500
001 UCD0778
003 CL-VaPUC
008 151218e20110000ck |||||||||||||||||spa|d
020 |a 9789584491664 
082 0 4 |a 305.235  |b HUR  |2 21 
100 0 |a Hurtado Herrera, Deibar René  |e author  |9 583804 
245 1 0 |a Entramados: jóvenes y configuración de significaciones imaginarias de deseo 
250 |a 1a. ed 
300 |a 226 p 
942 |c BK 
945 |d 20151218 14:15:00  |a dcastane 
260 |a Popayán  |b Universidad del Cauca  |c 2011 
650 0 |a Jóvenes  |9 326981 
650 0 |a Problemas sociales  |9 258537 
650 0 |a Adolescencia  |9 307361 
650 0 |a Participación ciudadana  |9 330304 
583 |a last modification  |c 20151218 14:15:00  |k Rodrigo Vera 
490 0 |a Colección de Tesis Doctorales RUDECOLOMBIA 
999 |c 362231  |d 362229 
952 |0 0  |1 0  |3 erb  |4 0  |6 305_235000000000000_HUR_2011  |7 0  |8 A  |9 473226  |a BIBEDU  |b BIBEDU  |i 525731K  |o 305.235 HUR 2011  |p 525731K  |r 2019-11-24  |w 2019-11-24  |y BK  |z Catalogado en:20151218  |k EFI 
952 |0 0  |1 0  |3 erb  |4 0  |6 305_235000000000000_HUR_2011  |7 0  |8 A  |9 473227  |a BIBEDU  |b BIBEDU  |i 5257301  |o 305.235 HUR 2011  |p 5257301  |r 2019-11-24  |w 2019-11-24  |y BK  |z Catalogado en:20151218  |k EFI